[Event "St Petersburg Botvinnik Memorial op"]
[Site "St Petersburg"]
[Date "2012.08.31"]
[Round "7"]
[White "Ljubarov, Mark"]
[Black "Kazantsev, Alexandr"]
[Result "1-0"]
[WhiteElo "2158"]
[BlackElo "1960"]
[PlyCount "147"]
[EventDate "2012.08.25"]
[EventType "swiss"]
[EventRounds "9"]
[EventCountry "RUS"]
[SourceTitle "CBM 150 Extra"]
[Source "ChessBase"]
[SourceDate "2012.10.19"]
[SourceVersion "1"]
[SourceVersionDate "2012.10.19"]
[SourceQuality "1"]

1. e4 c5 2. Nf3 d6 3. c3 Nf6 4. Be2 g6 5. 0-0 Bg7 6. d3 0-0 7. Re1 Nc6 8. Nbd2 e5 9. Nf1 d5 10. Bg5 d4 11. h3 Re8 12. N3h2 Qa5 13. Qd2 Be6 14. Reb1 Rad8 15. b4 Qa3 16. cxd4 cxd4 17. Ng4 Bxg4 18. Bxg4 Ne7 19. Rb3 Qa6 20. Bd1 Nd7 21. Qb2 Qd6 22. Nd2 b5 23. a4 a6 24. axb5 axb5 25. Rba3 Rb8 26. Bxe7 Qxe7 27. Ra7 Red8 28. Qb3 Bf8 29. Qd5 Nb6 30. Qxb5 Qxb4 31. Qxb4 Bxb4 32. Nf3 Nc8 33. Ra8 Bd6 34. Rxb8 Bxb8 35. Rb1 Bd6 36. Rb7 f6 37. Bb3+ Kh8 38. Nd2 Rf8 39. Be6 Re8 40. Bd7 Rd8 41. Nc4 Bf8 42. Rb8 Rxd7 43. Rxc8 Kg7 44. Nb6 Rb7 45. Nd5 Bd6 46. Rc6 Be7 47. Kf1 Kf7 48. Ke2 Rd7 49. Kd2 Bd8 50. Kc2 Rb7 51. Rc8 Be7 52. Rc7 Rxc7+ 53. Nxc7 Bb4 54. Kb3 Be1 55. f3 Ba5 56. Na6 Be1 57. Kc4 Ke6 58. Kc5 Bg3 59. Kc6 f5 60. Nc5+ Kf7 61. Kd6 fxe4 62. fxe4 Kf6 63. Nd7+ Kg5 64. Kd5 Kf4 65. Nxe5 Ke3 66. Nf3 Kxd3 67. e5 Bxe5 68. Kxe5 Ke3 69. Nxd4 Kf2 70. g4 Kg3 71. g5 Kxh3 72. Kf6 Kg4 73. Ne6 Kh5 74. Kg7 1-0

[Event "St Petersburg Botvinnik 100 op"]
[Site "St Petersburg"]
[Date "2011.08.16"]
[Round "5"]
[White "Kazantsev, Alexandr"]
[Black "Balaian, Alina"]
[Result "0-1"]
[WhiteElo "1958"]
[BlackElo "2163"]
[PlyCount "92"]
[EventDate "2011.08.12"]
[EventType "swiss"]
[EventRounds "9"]
[EventCountry "RUS"]
[SourceTitle "CBM 143 Extra"]
[Source "ChessBase"]
[SourceDate "2011.08.29"]
[SourceVersion "1"]
[SourceVersionDate "2011.08.29"]
[SourceQuality "1"]

1. e4 e6 2. d4 d5 3. Nd2 Nf6 4. e5 Nfd7 5. c3 c5 6. Bd3 Nc6 7. Ngf3 Be7 8. Bc2 b6 9. 0-0 Ba6 10. Re1 cxd4 11. cxd4 Nb4 12. Ba4 Rc8 13. Nf1 Qc7 14. Be3 Nd3 15. Re2 0-0 16. Rd2 Nb4 17. a3 Nc6 18. Rc1 b5 19. Bc2 Nb6 20. b4 Nc4 21. Rd3 Nb2 22. Qe2 Nxd3 23. Qxd3 g6 24. Bb1 Qb7 25. h4 Nb8 26. h5 Rxc1 27. Bxc1 Qc7 28. Bh6 Rc8 29. hxg6 hxg6 30. Bg5 Bxg5 31. Nxg5 Qc3 32. Qd1 Qc1 33. Qg4 Qxb1 34. Qh4 Kf8 35. Qh7 Qf5 36. Qh6+ Ke8 37. Nh7 Kd7 38. Ng3 Qb1+ 39. Kh2 Kc6 40. Qg7 Rc7 41. Nf6 Kb7 42. Ne8 Qc2 43. f4 Ka8 44. Nxc7+ Qxc7 45. f5 gxf5 46. Nxf5 exf5 0-1